000 00838nam a2200241Ia 4500
003 GCL
008 140319s9999 xx 000 0 ara d
040 _aGCL /
_cGCL
082 0 4 _aق
_b265.962
_bد ت
100 1 _aدى يونج، فريد
245 1 0 _aتاريخ الطرق الصوفية فى مصر فى القرن التاسع عشر /
_cدى يونج، فريد
700 1 _aعبدالحميد فهمى
260 _a[S.N] :
_bالهيئة المصرية العامة للكتاب ،
_c1995
300 _a239 ص
490 _aتاريخ المصريين
_v0
650 0 4 _aمصر
650 0 4 _aتاريخ
650 0 4 _aالتصوف الاسلامى
650 0 4 _aالتصوف
650 0 4 _aالطرق الصوفية
650 0 4 _aالعالم العربى - تاريخ - العصر العثمانى
942 _2ddc
_cBK
999 _c37107
_d37107